Scientist and humanist : M S Swaminathan (Record no. 42087)

MARC details
000 -LEADER
fixed length control field 00360nam a2200133Ia 4500
020 ## - INTERNATIONAL STANDARD BOOK NUMBER
ISBN 8172762607
082 ## - DEWEY DECIMAL CLASSIFICATION NUMBER
Classification number 929A/Z
Item number IYE
100 ## - MAIN ENTRY--AUTHOR NAME
Personal name Iyer, R D
245 #0 - TITLE STATEMENT
Title Scientist and humanist : M S Swaminathan
260 ## - PUBLICATION, DISTRIBUTION, ETC. (IMPRINT)
Place of publication Mumbai
Name of publisher Bharatiya Vidya Bhavan
Year of publication 2002
650 ## - SUBJECT ADDED ENTRY--TOPICAL TERM
Topical Term Biodiversity conservation
942 ## - ADDED ENTRY ELEMENTS (KOHA)
Koha item type Books
Holdings
Withdrawn status Lost status Damaged status Not for loan Home library Current library Date acquired Cost, normal purchase price Full call number Accession Number Koha item type
        RRII Library RRII Library 16/12/2021 400.00 929A/Z IYE 22364 Books